| 000 | 00416nam a22001337a 4500 | ||
|---|---|---|---|
| 008 | 161115b xxu||||| |||| 00| 0 eng d | ||
| 022 | _a01153544 | ||
| 082 |
_2Apr-Jul 2015 V. 15, N. 158-161 _aDPer 338.05 _bEn86 |
||
| 245 | _aEntrepreneur. | ||
| 260 |
_aPhilippines: _bSummit Media, _cApr-Jul 2015. |
||
| 300 |
_avarious paging: _bcolor illustrations; _c28 cm. |
||
| 650 | 0 |
_918961 _aEntrepreneurship |
|
| 942 |
_2ddc _cPER |
||
| 999 |
_c5648 _d5648 |
||